| 000 | 01074nam a22001817a 4500 | ||
|---|---|---|---|
| 003 | OSt | ||
| 005 | 20251121150635.0 | ||
| 008 | 251121b |||||||| |||| 00| 0 eng d | ||
| 040 | _cDCL | ||
| 082 | _a၂၉၄.၃၈၂၃၂၂ | ||
| 130 |
_aတိပိဋက။ _pသုတ္တန္တပိဋက။ _pမဇ္ဈိမနိကာယ။ _tမဇ္ဈိမပဏ္ဏာသ၊ _lအဋ္ဌကထာ၊ _sနိဿယ။ |
||
| 245 |
_aမဇ္ဈိမပဏ္ဏာသ အဋ္ဌကထာနိဿယ၊ _nဒုတိယတွဲ / _cအသျှင်စာဂရမထေရ်။ |
||
| 264 |
_aမန္တလေး ၊ _bမန္တလေးတောင် ပိဋကတ်တော် စာပုံနှိပ်တိုက်၊ _c၂၉၂၉။ |
||
| 300 |
_a၄၃၂ စာမျက်နှာ ၊ _c၂၅ စင်တီ။ |
||
| 650 |
_aမဇ္ဈိမပဏ္ဏာသ _vအဋ္ဌကထာ နိဿယ။ |
||
| 700 | _aစာဂရမထေရ်၊ အသျှင် | ||
| 942 |
_2ddc _cSHORT TERM _n0 |
||
| 999 |
_c2584 _d2584 |
||